000 00607cab a2200205 4500
001 WB2805-17
008 090401t1992 xxu||||| |||| 00| 0 eng d
035 _a(Sirsi) u19738
041 _aeng
245 _aBridge to Skye
260 _c1992
350 _a0
490 _aFinancial Times
_v28 January 1992, 8(1)
520 _aThe controversial plan to build a privately funded toll bridge over the sea to the Isle of Skye is to be tested at a public inquiry.
650 _aPRIVATE FUNDING
650 _aTOLL BRIDGES
690 _aPROPERTY-PROPERTY DEVELOPMENT
942 _n0
948 _c04/03/1997
999 _c13208
_d13208